000 00746nam a2200289Ia 4500
005 20260324122854.0
008 008 260324s9999 xx 000 0 eng d
020 _a9780203180938
037 _aEBOOK
040 _aCRL
040 _beng
040 _cCRL
041 _2eng
041 _aeng
084 _qCRL
100 _aPat Dugard; Portia File; Jonathan Todman
_91168148
245 0 _aSingle-case and Small-n Experimental Designs
245 2 _bA Practical Guide To Randomization Tests, Second Edition
260 _bTaylor and Francis
260 _c2012
365 _a
365 _b220
856 _uhttp://www.taylorfrancis.com/books/9780203180938
942 _cEBOOK
999 _c1761197
_d1761197